000 00486nam a2200169 i 4500
001 28004
003 ES-MaACL
005 20230906153738.0
007 t|
008 030116s1933 xxu ||||1| eng d
100 1 _aBancroft, William Wallace.
_925171
245 1 0 _aJoseph Conrad
_b: his philosophy of life /
_cby Wallace Bancroft.
260 _aBoston :
_bStratford Comp.,
_c1933.
300 _aIV, 94 p. ;
_c20 cm.
600 1 4 _aConrad, Joseph.
_940217
852 _aES-MaACL
_jA-2659
999 _c28004
_d28004